[Event "ch-ESP w 2013"]
[Site "Linares ESP"]
[Date "2013.08.21"]
[Round "5.2"]
[White "Alexandrova, Olga"]
[Black "Hernandez Estevez, Yudania"]
[Result "1-0"]
[WhiteTitle "IM"]
[BlackTitle "WIM"]
[WhiteElo "2431"]
[BlackElo "2230"]
[WhiteFideId "14102463"]
[BlackFideId "2219344"]
[EventDate "2013.08.19"]

1. d4 d5 2. c4 c6 3. Nf3 Nf6 4. e3 e6 5. Bd3 Nbd7 6. O-O Bd6 7. Nbd2 O-O 8. e4
dxe4 9. Nxe4 Nxe4 10. Bxe4 Nf6 11. Bc2 b6 12. Bg5 Bb7 13. Qd3 g6 14. Rad1 Be7
15. Ne5 Qc7 16. Rfe1 Rad8 17. Qh3 Nh5 18. Bh6 Ng7 19. Qc3 f5 20. Nf3 Bf6 21. Bg5
Qe7 22. Bxf6 Qxf6 23. c5 g5 24. b4 Rf7 25. Qe3 h6 26. Ne5 Rc7 27. Bb3 Kh7 28.
Nc4 Ba6 29. Nd6 Re7 30. Bc2 g4 31. Qf4 Kg8 32. Bb3 Kh7 33. Re5 Bc8 34. Rde1 Bd7
35. Bc2 Qg5 36. Qxg5 hxg5 37. Nxf5 Nxf5 38. Bxf5+ Kg7 39. Bxg4 Kf6 40. cxb6 axb6
41. b5 Bc8 42. bxc6 Rxd4 43. h3 Rc4 44. Bf3 Ra7 45. R5e2 Ra3 46. Rb2 Ba6 47. Kh2
b5 48. Re3 Rxe3 49. fxe3 b4 50. Kg3 Ke5 51. Rd2 Rc3 52. Rd4 Bc4 53. Rd2 b3 54.
axb3 Bxb3 55. Kg4 Kf6 56. Rd8 Rc4+ 57. Rd4 Rc3 58. Rb4 Bc2 59. Rb8 Rc4+ 60. Kg3
Ba4 61. Rc8 Ke5 62. Rg8 Kf6 63. Rf8+ Ke5 64. Rc8 Kf6 65. Kf2 Rc2+ 66. Ke1 Ke5
67. g3 Kd6 68. h4 gxh4 69. gxh4 Ke5 70. h5 Rc4 71. Kf2 Bc2 72. Kg3 Kf6 73. Rf8+
Kg7 74. Rf4 Rc5 75. Rd4 Kf6 76. Rd7 Kg5 77. Rf7 Ba4 78. c7 Bc2 79. Bb7 1-0

[Event "ch-ESP w 2013"]
[Site "Linares ESP"]
[Date "2013.08.21"]
[Round "5.3"]
[White "Aranaz Murillo, Amalia"]
[Black "Perera Borrego, Mariela"]
[Result "1-0"]
[WhiteTitle "WIM"]
[WhiteElo "2246"]
[BlackElo "2062"]
[WhiteFideId "22200371"]
[BlackFideId "22238255"]
[EventDate "2013.08.19"]

1. Nf3 d6 2. d4 Nf6 3. c4 Nbd7 4. g3 e5 5. Bg2 Be7 6. O-O O-O 7. Nc3 c6 8. Qc2
Qc7 9. b3 Re8 10. Bb2 Bf8 11. Rac1 Qa5 12. Rfd1 e4 13. Ne1 e3 14. f3 Qh5 15. Rd3
Nb6 16. Ne4 Bf5 17. g4 Nxg4 18. fxg4 Qxg4 19. Ng3 Bxd3 20. Qxd3 d5 21. c5 Nd7
22. Nc2 Qg5 23. Rf1 b6 24. cxb6 axb6 25. a4 g6 26. Bc1 Bh6 27. Rf3 Qh4 28. Bxe3
Rxe3 29. Nxe3 Nf6 30. Nc2 Re8 31. e3 c5 32. Nf1 Ng4 33. h3 Nf6 34. Qb5 Re6 35.
dxc5 bxc5 36. Qxc5 Ne4 37. Qc8+ Kg7 38. Nd4 Rf6 39. Qg4 Bxe3+ 40. Nxe3 Qe1+ 41.
Nf1 h5 42. Qd7 Rxf3 43. Nxf3 Qf2+ 44. Kh2 Nf6 45. Qd6 Qb2 46. b4 h4 47. a5 Qc1
48. Qe5 Qc6 49. Nd4 Qa6 50. b5 Qxa5 51. Ne3 Qa3 52. Nxd5 Qg3+ 53. Qxg3 hxg3+ 54.
Kxg3 Nd7 55. b6 1-0

[Event "ch-ESP w 2013"]
[Site "Linares ESP"]
[Date "2013.08.21"]
[Round "5.4"]
[White "Guadamuro Torrente, Anabel"]
[Black "Nicolas Zapata, Irene"]
[Result "0-1"]
[WhiteTitle "WFM"]
[BlackTitle "WIM"]
[WhiteElo "2195"]
[BlackElo "2253"]
[WhiteFideId "2266296"]
[BlackFideId "22247270"]
[EventDate "2013.08.19"]

1. b3 e5 2. Bb2 Nc6 3. e3 Nf6 4. Bb5 Bd6 5. Ne2 O-O 6. Bxc6 dxc6 7. d3 a5 8. Nd2
b5 9. Nf3 Re8 10. e4 Nh5 11. Qd2 f5 12. Qg5 Qxg5 13. Nxg5 h6 14. Nf3 a4 15. O-O
a3 16. Bc3 b4 17. Bd2 Ba6 18. Rfe1 f4 19. Rad1 g5 20. d4 exd4 21. Nexd4 c5 22.
Nf5 Bf8 23. h4 Bb7 24. hxg5 Bxe4 25. Nxh6+ Kh7 26. Ng4 Bg7 27. Nf6+ Nxf6 28.
gxf6 Bxf6 29. Bxf4 Bxc2 30. Rc1 Rxe1+ 31. Nxe1 Bxb3 32. axb3 a2 33. Nc2 c4 34.
Na1 Bxa1 35. Rxa1 cxb3 36. Be5 Re8 37. Bf6 Kg6 38. Bb2 Re2 39. Bh8 b2 0-1

[Event "ch-ESP w 2013"]
[Site "Linares ESP"]
[Date "2013.08.21"]
[Round "5.5"]
[White "Gonzalez Berruga, Ana Isabel"]
[Black "Vega Gutierrez, Sabrina"]
[Result "0-1"]
[BlackTitle "IM"]
[WhiteElo "2004"]
[BlackElo "2402"]
[WhiteFideId "2271354"]
[BlackFideId "2219026"]
[EventDate "2013.08.19"]

1. d4 d6 2. Nf3 Nf6 3. c4 g6 4. Nc3 Bg7 5. e4 O-O 6. Be2 Na6 7. Bg5 h6 8. Be3
Ng4 9. Bd2 e5 10. h3 exd4 11. hxg4 dxc3 12. Bxh6 cxb2 13. Bxg7 Kxg7 14. Qd4+ f6
15. Qxb2 Nc5 16. O-O-O Bxg4 17. Ng5 Bxe2 18. Rh7+ Kg8 19. Qxe2 fxg5 20. Rdh1 Qf6
21. Kb1 Ne6 22. Qg4 a5 23. Qh3 Ra6 0-1

[Event "ch-ESP w 2013"]
[Site "Linares ESP"]
[Date "2013.08.21"]
[Round "5.6"]
[White "Vega Gutierrez, Belinda"]
[Black "Cerrato Torrijos, Maria"]
[Result "1/2-1/2"]
[WhiteTitle "WIM"]
[BlackTitle "WFM"]
[WhiteElo "2148"]
[BlackElo "2148"]
[WhiteFideId "2229994"]
[BlackFideId "22202382"]
[EventDate "2013.08.19"]

1. e4 c5 2. Nf3 d6 3. d4 cxd4 4. Nxd4 Nf6 5. Nc3 g6 6. Be3 Bg7 7. f3 O-O 8. Qd2
Nc6 9. Bc4 Nxd4 10. Bxd4 Be6 11. Nd5 Bxd5 12. exd5 a6 13. a4 Rc8 14. Bb3 Nd7 15.
Bxg7 Kxg7 16. a5 Nc5 17. Bc4 Qc7 18. b3 e5 19. O-O f5 20. Be2 Nd7 21. c4 Nf6 22.
b4 Qe7 23. Rfc1 e4 24. Qd4 Kg8 25. c5 Nh5 26. Qe3 Nf6 27. Bc4 Qe5 28. f4 Qe7 29.
c6 Kg7 30. Bb3 Rc7 31. Rc2 Rb8 32. Qd4 h5 33. Rac1 Kh6 34. h3 h4 35. Ba4 Nh5 36.
Qd2 Ng3 37. b5 axb5 38. Bxb5 bxc6 39. Bxc6 Rb3 40. Qd4 Kh7 41. a6 e3 42. Re1 e2
43. Qf2 Ra3 44. Rcxe2 Nxe2+ 45. Rxe2 Ra1+ 46. Kh2 Qf6 47. Qb6 Re7 48. Qd8 Rh1+
49. Kxh1 Qa1+ 50. Kh2 Rxe2 51. Qxh4+ Kg7 52. Bb7 Re1 53. Qf2 Rh1+ 54. Kg3 Qc3+
55. Qf3 Qxf3+ 56. Kxf3 Ra1 57. Ke3 Kf6 58. g4 Ke7 59. gxf5 gxf5 60. Bc8 Ra3+ 61.
Kd4 Ra4+ 62. Kc3 Kd8 63. Bxf5 Rxa6 64. Kd4 Ra4+ 65. Ke3 Ke7 66. h4 Kf6 67. Be6
Ra3+ 68. Ke4 Ra1 69. h5 Rh1 70. Bg4 Re1+ 71. Kf3 Rf1+ 72. Kg3 Rg1+ 73. Kf3 Rf1+
74. Ke3 Re1+ 75. Kf2 Ra1 76. Bd7 Rd1 77. Be6 Rh1 78. Bg4 Ra1 79. Kg3 Rg1+ 80.
Kh4 Rf1 81. Kg3 Rg1+ 82. Kf3 Rf1+ 1/2-1/2

[Event "ch-ESP w 2013"]
[Site "Linares ESP"]
[Date "2013.08.22"]
[Round "6.1"]
[White "Alexandrova, Olga"]
[Black "Matnadze, Ana"]
[Result "1-0"]
[WhiteTitle "IM"]
[BlackTitle "IM"]
[WhiteElo "2431"]
[BlackElo "2390"]
[WhiteFideId "14102463"]
[BlackFideId "13601377"]
[EventDate "2013.08.19"]

1. d4 Nf6 2. c4 e6 3. Nc3 Bb4 4. e3 b6 5. Bd3 Bb7 6. Nf3 Ne4 7. O-O Bxc3 8. bxc3
f5 9. Ne1 Qh4 10. f3 Nf6 11. Rb1 O-O 12. c5 Bc6 13. Ba3 bxc5 14. Bxc5 d6 15. Ba3
Nd5 16. Qd2 f4 17. e4 Ne3 18. Rf2 Ba4 19. Rb4 Be8 20. Nc2 Nc6 21. Rb1 Qg5 22.
Bc1 Nxc2 23. Qxc2 e5 24. Qb3+ Kh8 25. Qb7 Qd8 26. d5 Ne7 27. c4 g5 28. c5 g4 29.
fxg4 Bg6 30. Ba3 Rc8 31. Qa6 dxc5 32. Bxc5 Re8 33. Qf6+ Kg8 34. Rd1 Bf7 35. Qg5+
Ng6 36. Qxd8 Rexd8 37. Bxa7 c6 38. Ba6 Ra8 39. Bb6 Rd7 40. Bc4 Ra4 41. Bb3 Ra6
42. Bc5 cxd5 43. Bxd5 Bxd5 44. Rxd5 Rb7 45. a3 Rb1+ 46. Rf1 Rb2 47. Rfd1 Ra8 48.
R5d2 Rb3 49. Rd3 Rb2 50. R1d2 Rb1+ 51. Kf2 Rc1 52. Bb4 Rc4 53. Re2 Ra7 54. g5
Kf7 55. Kf3 Kg7 56. Rd5 Ra8 57. Rd7+ Kg8 58. Kg4 Rc1 59. Red2 Rg1 60. Rb7 Nf8
61. Kf5 f3 62. gxf3 Rf1 63. Rd3 Ng6 64. Rbd7 Re8 65. Rd8 Rxf3+ 66. Rxf3 Rxd8 67.
Rc3 Rd1 68. Rc8+ Kf7 69. Rc7+ Kg8 70. Ke6 Rb1 71. Bc5 Re1 72. Kd5 Rd1+ 73. Kc6
Re1 74. a4 Rxe4 75. a5 Ra4 76. Kb5 Ra1 77. a6 Rb1+ 78. Kc6 e4 79. a7 Ne5+ 80.
Kd5 1-0

[Event "ch-ESP w 2013"]
[Site "Linares ESP"]
[Date "2013.08.22"]
[Round "6.4"]
[White "Hernandez Estevez, Yudania"]
[Black "Guadamuro Torrente, Anabel"]
[Result "1-0"]
[WhiteTitle "WIM"]
[BlackTitle "WFM"]
[WhiteElo "2230"]
[BlackElo "2195"]
[WhiteFideId "2219344"]
[BlackFideId "2266296"]
[EventDate "2013.08.19"]

1. e4 e5 2. Nf3 Nc6 3. Bb5 Nf6 4. O-O Nxe4 5. Re1 Nd6 6. Nxe5 Be7 7. Bf1 O-O 8.
d4 Nf5 9. d5 Nxe5 10. Rxe5 d6 11. Re1 Bg5 12. Nd2 Re8 13. Ne4 Bxc1 14. Rxc1 Bd7
15. Bd3 h6 16. c4 b6 17. Bc2 Nh4 18. Qd4 f5 19. Ng3 Qg5 20. f4 Qg6 21. Bd3 Rxe1+
22. Rxe1 Re8 23. Rf1 a5 24. a3 a4 25. Kf2 Qf7 26. Be2 Qe7 27. Bh5 g6 28. Be2 Kf7
29. Bd3 c5 30. dxc6 Bxc6 31. c5 bxc5 32. Bc4+ d5 33. Bxd5+ Bxd5 34. Qxd5+ Kg7
35. Qd2 Rd8 36. Qc3+ Qf6 37. Ne2 Qxc3 38. bxc3 g5 39. Rb1 Rd2 40. g3 Ng6 41. Ke3
Ra2 42. Rb5 gxf4+ 43. gxf4 Rxa3 44. Rxc5 Nh4 45. Ra5 Ra2 46. c4 a3 47. c5 Rc2
48. Nd4 Rxh2 49. c6 Rh1 50. Kd2 Ng6 51. c7 Rh2+ 52. Kc3 Rh3+ 53. Kb4 1-0

[Event "ch-ESP w 2013"]
[Site "Linares ESP"]
[Date "2013.08.22"]
[Round "6.5"]
[White "Perera Borrego, Mariela"]
[Black "Vega Gutierrez, Belinda"]
[Result "0-1"]
[BlackTitle "WIM"]
[WhiteElo "2062"]
[BlackElo "2148"]
[WhiteFideId "22238255"]
[BlackFideId "2229994"]
[EventDate "2013.08.19"]

1. d4 Nf6 2. Nf3 g6 3. g3 Bg7 4. Bg2 O-O 5. O-O d6 6. c4 Bf5 7. Nc3 Ne4 8. Nh4
Nxc3 9. bxc3 Bc8 10. Rb1 c6 11. e4 Qa5 12. Qb3 Nd7 13. Ba3 c5 14. Rfd1 Rb8 15.
Bc1 Nb6 16. Bf1 Na4 17. Rd3 Be6 18. d5 Bd7 19. Bd2 a6 20. Qd1 b5 21. cxb5 c4 22.
Re3 axb5 23. Qc2 Ra8 24. Kh1 Nc5 25. Rb2 Qc7 26. f4 Ra5 27. Nf3 Rfa8 28. Nd4 Na4
29. Rb1 Nc5 30. Rb2 Qa7 31. a3 Qa6 32. Bc1 Rxa3 33. h3 Ra1 34. Re1 Bxd4 35. cxd4
Nb3 36. Qc3 Rxc1 37. Rxc1 Nxc1 38. Qxc1 Qa1 39. Qxa1 Rxa1 40. Kg2 c3 41. Rf2 b4
42. Bc4 Ba4 43. Bd3 b3 44. Bf1 0-1

[Event "ch-ESP w 2013"]
[Site "Linares ESP"]
[Date "2013.08.22"]
[Round "6.6"]
[White "Fidalgo Fernandez, Lucia"]
[Black "Garcia Vicente, Nieves"]
[Result "1/2-1/2"]
[WhiteTitle "WFM"]
[BlackTitle "WIM"]
[WhiteElo "2137"]
[BlackElo "2227"]
[WhiteFideId "2263840"]
[BlackFideId "2201542"]
[EventDate "2013.08.19"]

1. d4 d5 2. Bf4 e6 3. e3 Bd6 4. Bg3 Nf6 5. Nd2 c5 6. c3 O-O 7. Bd3 Nc6 8. Ngf3
Re8 9. Ne5 Bxe5 10. dxe5 Nd7 11. Nf3 Qc7 12. Bxh7+ Kxh7 13. Ng5+ Kg8 14. Nxf7
Nf8 15. Nd6 Re7 16. f4 Bd7 17. Bh4 Be8 18. Bxe7 Nxe7 19. Nxe8 Rxe8 20. g4 Rd8
21. Qf3 Qb6 22. Qf2 Nd7 23. O-O Rf8 24. Qd2 c4 25. h4 Nc5 26. Rae1 Nd3 27. Rb1
Nxf4 28. b3 Qc5 29. bxc4 dxc4 30. Kh2 Nfg6 31. Rxf8+ Nxf8 32. Qd4 Qa5 33. Qxc4
Qxe5+ 34. Qf4 Qxf4+ 35. exf4 b6 36. c4 Nd7 37. Rd1 Nc5 38. Rd8+ Kf7 39. Kg3 Nc6
40. Rc8 Na5 41. Rc7+ Kf8 42. Rxa7 Nxc4 43. h5 Ne4+ 44. Kf3 Ned6 45. g5 Kg8 46.
Re7 Nf5 47. Ra7 Ncd6 48. Rc7 b5 49. Ra7 Kf8 50. Kg4 Ne3+ 51. Kf3 Nef5 52. Rc7
Ne7 53. Rd7 Nef5 54. Ra7 Kg8 55. Rd7 Kf8 56. h6 gxh6 57. gxh6 Kg8 58. h7+ Kh8
59. Kg4 Ne4 60. Kf3 Nc3 61. Ra7 Ng7 62. Kg4 e5 1/2-1/2

[Event "ch-ESP w 2013"]
[Site "Linares ESP"]
[Date "2013.08.23"]
[Round "7.1"]
[White "Vega Gutierrez, Sabrina"]
[Black "Alexandrova, Olga"]
[Result "0-1"]
[WhiteTitle "IM"]
[BlackTitle "IM"]
[WhiteElo "2402"]
[BlackElo "2431"]
[WhiteFideId "2219026"]
[BlackFideId "14102463"]
[EventDate "2013.08.19"]

1. d4 Nf6 2. c4 e6 3. g3 Bb4+ 4. Bd2 a5 5. Bg2 d6 6. Nf3 O-O 7. O-O Bxd2 8. Qxd2
Qe7 9. Nc3 e5 10. dxe5 dxe5 11. Ng5 h6 12. Nge4 Nxe4 13. Bxe4 c6 14. Na4 Rd8 15.
Qe3 Bh3 16. Rfd1 Nd7 17. Nb6 Nxb6 18. Qxb6 Rd7 19. Bc2 Qb4 20. Qxb4 axb4 21.
Rxd7 Bxd7 22. Rd1 Be6 23. b3 Kf8 24. Bb1 Ke7 25. f3 g5 26. g4 h5 27. h3 h4 28.
Kf2 Ra5 29. Rd2 Rc5 30. Be4 Bd7 31. Rc2 Kd6 32. a3 Ra5 33. axb4 Ra3 34. Rd2+ Kc7
35. Bc2 Ra1 36. Rd1 Ra2 37. Rc1 Be6 38. Ke3 f6 39. Kd3 Ra8 40. Kc3 b6 41. e3 Bd7
42. f4 exf4 43. exf4 Re8 44. Kd2 gxf4 45. Rf1 Re3 46. Rxf4 Rxh3 47. Rxf6 Bxg4
48. Be4 Bd7 49. Rf7 Rh2+ 50. Ke3 Kd6 51. c5+ bxc5 52. bxc5+ Ke6 53. Rh7 Rb2 54.
Kf4 Be8 55. Rh6+ Ke7 56. Ke5 Rxb3 57. Rh7+ Kd8 58. Kd6 Ra3 59. Rb7 Kc8 60. Rb6
Bd7 61. Rb1 Ra2 62. Rg1 Rd2+ 63. Ke5 h3 64. Rg7 Rd1 65. Rh7 Rf1 66. Kd6 Rf6+ 67.
Ke5 Re6+ 68. Kd4 Re8 69. Rh6 Kc7 70. Rh7 Rf8 71. Ke3 Kd8 72. Rh6 Rf1 73. Ke2 Rc1
74. Rh5 Bg4+ 75. Kd2 Bxh5 76. Kxc1 Be2 77. Bxc6 Bf1 78. Bb7 Bg2 79. c6 Kc7 0-1

[Event "ch-ESP w 2013"]
[Site "Linares ESP"]
[Date "2013.08.23"]
[Round "7.2"]
[White "Matnadze, Ana"]
[Black "Hernandez Estevez, Yudania"]
[Result "0-1"]
[WhiteTitle "IM"]
[BlackTitle "WIM"]
[WhiteElo "2390"]
[BlackElo "2230"]
[WhiteFideId "13601377"]
[BlackFideId "2219344"]
[EventDate "2013.08.19"]

1. d4 d5 2. g3 Nf6 3. Bg2 c6 4. Nf3 g6 5. O-O Bg7 6. b3 O-O 7. Bb2 Nbd7 8. Nbd2
a5 9. a4 Nb8 10. Ne5 Bf5 11. Re1 Nbd7 12. h3 h6 13. f4 Ne8 14. g4 Be6 15. e4
dxe4 16. Nxe4 Bd5 17. Ng3 Ndf6 18. Bf1 c5 19. c4 Bc6 20. dxc5 Qb8 21. Qe2 Nc7
22. f5 Na6 23. Qf2 Nb4 24. Rad1 Qc7 25. Nxc6 Nxc6 26. Kg2 Rad8 27. Bd3 Rd7 28.
Bb1 g5 29. Rxd7 Qxd7 30. Ne4 Rd8 31. Nxf6+ Bxf6 32. Bxf6 exf6 33. Be4 Ne5 34.
Re2 Qd1 35. Bc2 Qc1 36. Re1 Qa3 37. Qe3 Qb2 38. Re2 Kg7 39. Be4 Qa1 40. Bd5 h5
41. gxh5 Rh8 42. Bf3 Rd8 43. Bd5 Rh8 44. Bf3 Rd8 45. Bd5 Rh8 46. Qg1 Qa3 47. Qd4
Nc6 48. Qe3 Qa1 49. Re1 Qb2+ 50. Re2 Qa1 51. Bxc6 bxc6 52. Qf3 Rd8 53. h6+ Kxh6
54. Qxc6 Rd1 55. Kh2 Qd4 56. Kg2 Qg1+ 57. Kf3 Rd3+ 58. Ke4 Qd4# 0-1

[Event "ch-ESP w 2013"]
[Site "Linares ESP"]
[Date "2013.08.23"]
[Round "7.4"]
[White "Calzetta Ruiz, Monica"]
[Black "Vega Gutierrez, Belinda"]
[Result "1-0"]
[WhiteTitle "WGM"]
[BlackTitle "WIM"]
[WhiteElo "2221"]
[BlackElo "2148"]
[WhiteFideId "2204185"]
[BlackFideId "2229994"]
[EventDate "2013.08.19"]

1. e4 e5 2. Nf3 Nc6 3. Bb5 Nf6 4. Qe2 a6 5. Ba4 Be7 6. c3 d6 7. O-O O-O 8. Rd1
Bd7 9. Bc2 Re8 10. d3 h6 11. Nbd2 Bf8 12. Nf1 d5 13. Ng3 Be6 14. h3 d4 15. Bb3
g6 16. Bxe6 Rxe6 17. cxd4 Nxd4 18. Nxd4 Qxd4 19. Be3 Qa4 20. Rac1 Rc8 21. b3 Qb5
22. Qd2 Kh7 23. f4 exf4 24. Bxf4 c5 25. e5 Ne8 26. d4 Bg7 27. Ne4 b6 28. Qf2 f5
29. d5 Rxe5 30. Bxe5 Bxe5 31. Qh4 fxe4 32. Qe7+ Bg7 33. d6 Nxd6 34. Rxd6 Qe8 35.
Rd7 Qxe7 36. Rxe7 e3 37. Kh2 Kg8 38. Rxe3 Rd8 39. Re6 Rd2 40. a4 Kf7 41. Rxb6
Be5+ 42. Kh1 Rb2 43. Rf1+ Kg7 44. Rb7+ Kg8 45. Re1 Bg7 46. Re8+ Bf8 47. Rbb8 Rf2
48. Re6 a5 49. Rxg6+ Kf7 50. Rc6 h5 51. Kg1 Rf5 52. Rb7+ Kg8 53. Rc8 h4 54. Rbb8
Kg7 55. Rxf8 Rxf8 56. Rxf8 Kxf8 57. Kf2 Kf7 58. g3 1-0

[Event "ch-ESP w 2013"]
[Site "Linares ESP"]
[Date "2013.08.23"]
[Round "7.5"]
[White "Garcia Vicente, Nieves"]
[Black "Collado Barbas, Laura"]
[Result "1/2-1/2"]
[WhiteTitle "WIM"]
[BlackTitle "WFM"]
[WhiteElo "2227"]
[BlackElo "2151"]
[WhiteFideId "2201542"]
[BlackFideId "2294907"]
[EventDate "2013.08.19"]

1. d4 e6 2. c4 f5 3. Nf3 Nf6 4. g3 d5 5. Bg2 c6 6. O-O Bd6 7. b3 Qe7 8. Bb2 O-O
9. Qc1 b5 10. Ne5 Bb7 11. Nd2 Ne4 12. Ndf3 Nd7 13. Nxd7 Qxd7 14. c5 Bc7 15. Qc2
Qe7 16. b4 a5 17. bxa5 Rxa5 18. a4 b4 19. Nd2 Nxd2 20. Qxd2 Ba6 21. Qxb4 Bxe2
22. Rfe1 Bc4 23. Bc3 Ra7 24. Qb1 Qf6 25. Qc2 Rfa8 26. Ra3 Re8 27. Qb2 f4 28. Bd2
fxg3 29. hxg3 Qg6 30. Qc3 Re7 31. Qc1 h6 32. Bf4 Ba5 33. Bd2 Bc7 34. Qa1 Ra8 35.
a5 Qc2 36. Qc3 Qf5 37. Qf3 Qg6 38. Qc3 Qf5 39. Qf3 Qg6 40. Qc3 1/2-1/2

[Event "ch-ESP w 2013"]
[Site "Linares ESP"]
[Date "2013.08.23"]
[Round "7.6"]
[White "Guadamuro Torrente, Anabel"]
[Black "Cerrato Torrijos, Maria"]
[Result "1-0"]
[WhiteTitle "WFM"]
[BlackTitle "WFM"]
[WhiteElo "2195"]
[BlackElo "2148"]
[WhiteFideId "2266296"]
[BlackFideId "22202382"]
[EventDate "2013.08.19"]

1. e4 c5 2. c4 Nc6 3. Nc3 g6 4. g3 Bg7 5. Bg2 e5 6. Nge2 d6 7. d3 Nge7 8. O-O
O-O 9. f4 exf4 10. Bxf4 Nd4 11. Nxd4 Bxd4+ 12. Kh1 Nc6 13. Qd2 Be6 14. Rae1 Bg7
15. h3 Qd7 16. Kh2 Rae8 17. a3 Nd4 18. Rf2 b6 19. Ref1 f5 20. Bh6 Bxh6 21. Qxh6
Qg7 22. Qxg7+ Kxg7 23. exf5 Nxf5 24. Nb5 Bd7 25. Nxa7 Nd4 26. Rxf8 Rxf8 27. Rxf8
Kxf8 28. Be4 Ke7 29. a4 Kf6 30. Nb5 Nxb5 31. cxb5 Ke5 32. a5 d5 33. axb6 Bc8 34.
Bf3 Kd4 35. Bg4 Bb7 36. Bd7 c4 37. dxc4 Kxc4 38. Bc6 Bc8 39. b7 Bxb7 40. Bxb7 d4
41. Bc6 d3 42. b6 Kc5 43. b7 1-0

[Event "ch-ESP w 2013"]
[Site "Linares ESP"]
[Date "2013.08.24"]
[Round "8.1"]
[White "Nicolas Zapata, Irene"]
[Black "Alexandrova, Olga"]
[Result "1/2-1/2"]
[WhiteTitle "WIM"]
[BlackTitle "IM"]
[WhiteElo "2253"]
[BlackElo "2431"]
[WhiteFideId "22247270"]
[BlackFideId "14102463"]
[EventDate "2013.08.19"]

1. e4 c5 2. Nf3 e6 3. d3 Nc6 4. g3 d6 5. Bg2 Nf6 6. O-O Be7 7. Re1 O-O 8. Nbd2
Qc7 9. Nc4 b5 10. Ne3 Bb7 11. g4 Nd7 12. g5 Nd4 13. h4 f6 14. Nh2 Rae8 15. c3
Nc6 16. f4 Nb6 17. f5 exf5 18. Nxf5 fxg5 19. hxg5 Ne5 20. Ng4 Nxg4 21. Qxg4 g6
22. Nh6+ Kg7 23. c4 bxc4 24. Bd2 Nd7 25. Bc3+ Ne5 26. Qh4 Bc8 27. Re3 Kh8 28.
Rf1 Rxf1+ 29. Bxf1 Bf8 30. Rf3 Be6 31. Bh3 Qg7 32. Bxe6 Nxf3+ 33. Kh1 Nxh4 34.
Nf7+ Kg8 1/2-1/2

[Event "ch-ESP w 2013"]
[Site "Linares ESP"]
[Date "2013.08.24"]
[Round "8.2"]
[White "Hernandez Estevez, Yudania"]
[Black "Calzetta Ruiz, Monica"]
[Result "1/2-1/2"]
[WhiteTitle "WIM"]
[BlackTitle "WGM"]
[WhiteElo "2230"]
[BlackElo "2221"]
[WhiteFideId "2219344"]
[BlackFideId "2204185"]
[EventDate "2013.08.19"]

1. e4 c5 2. Nf3 Nc6 3. Bb5 g6 4. Nc3 Nd4 5. O-O Bg7 6. Re1 a6 7. Bf1 d6 8. Nxd4
cxd4 9. Nd5 e6 10. Nf4 Ne7 11. c3 O-O 12. c4 e5 13. Nd5 Nxd5 14. cxd5 f5 15. d3
fxe4 16. dxe4 Rf7 17. Be2 Bd7 18. Rf1 Qh4 19. f3 Rc8 20. Bd2 Bh6 21. Rc1 Rff8
22. Bd3 Bf4 23. Bxf4 Qxf4 24. Qe1 Bb5 25. Rxc8 Rxc8 26. Bxb5 axb5 27. g3 Qh6 28.
Qe2 Rc1 29. f4 Rxf1+ 30. Qxf1 b4 31. Kg2 Qf8 32. Qc4 exf4 33. Qxd4 fxg3 34. hxg3
Qc8 35. Qxb4 Qc2+ 36. Kf3 Qd1+ 37. Ke3 Qg1+ 38. Kf3 1/2-1/2

[Event "ch-ESP w 2013"]
[Site "Linares ESP"]
[Date "2013.08.24"]
[Round "8.3"]
[White "Alfonso Nogue, Beatriz"]
[Black "Vega Gutierrez, Sabrina"]
[Result "0-1"]
[WhiteTitle "WFM"]
[BlackTitle "IM"]
[WhiteElo "2085"]
[BlackElo "2402"]
[WhiteFideId "2256231"]
[BlackFideId "2219026"]
[EventDate "2013.08.19"]

1. d4 d5 2. c4 e6 3. Nf3 c6 4. Qc2 Nd7 5. Bg5 Be7 6. Bxe7 Qxe7 7. Nbd2 Ngf6 8.
e3 O-O 9. Bd3 dxc4 10. Nxc4 c5 11. Nce5 cxd4 12. exd4 Qb4+ 13. Kf1 g6 14. h4
Nxe5 15. dxe5 Nh5 16. a3 Qg4 17. Rh3 Bd7 18. Qc4 Qxc4 19. Bxc4 Nf4 20. Rg3 Rac8
21. b3 b5 22. Be2 Rc3 23. Rd1 Bc6 24. Nd4 Rxg3 25. fxg3 Bxg2+ 26. Kf2 Nxe2 27.
Nxe2 Bd5 28. Nd4 a6 29. Rc1 f6 30. exf6 Rxf6+ 31. Ke2 e5 32. Rc5 Rd6 33. Nf3
Bxf3+ 34. Kxf3 Rd3+ 35. Ke4 Rxg3 36. Kxe5 Rxb3 37. Kf4 Rxa3 38. Kg5 Rg3+ 39. Kh6
Rg4 40. Rc8+ Kf7 41. Rc7+ Kf6 42. Rc6+ Kf5 43. Kxh7 Rxh4+ 44. Kg7 Ra4 45. Rc5+
Ke4 46. Kxg6 Rc4 0-1

[Event "ch-ESP w 2013"]
[Site "Linares ESP"]
[Date "2013.08.24"]
[Round "8.4"]
[White "Garcia Vicente, Nieves"]
[Black "Matnadze, Ana"]
[Result "1/2-1/2"]
[WhiteTitle "WIM"]
[BlackTitle "IM"]
[WhiteElo "2227"]
[BlackElo "2390"]
[WhiteFideId "2201542"]
[BlackFideId "13601377"]
[EventDate "2013.08.19"]

1. d4 Nf6 2. c4 e6 3. Nc3 Bb4 4. e3 O-O 5. Bd3 d5 6. Nf3 dxc4 7. Bxc4 c5 8. O-O
cxd4 9. exd4 Nc6 10. Qd3 a6 11. a4 Be7 12. Rd1 Nb4 13. Qe2 b6 14. Ne5 Bb7 15.
Be3 Nfd5 16. Rac1 Bg5 17. Nf3 Nxe3 18. fxe3 Bh6 19. Re1 Rc8 20. b3 Rc7 21. Rcd1
Qa8 22. e4 Rd7 23. Ne5 Rd6 24. Rf1 Qd8 25. Qf2 Qe7 26. h4 f5 27. exf5 Kh8 28.
Qg3 exf5 29. Nf7+ Rxf7 30. Bxf7 Be3+ 31. Kh2 f4 32. Rxf4 Bxf4 33. Qxf4 Qf8 34.
Qe5 Nc6 35. Qe8 Qxe8 36. Bxe8 Nxd4 37. Bf7 Nf5 38. Rxd6 Nxd6 39. Bd5 Bc8 40. g3
g6 41. Kg2 Kg7 42. Kf3 Kf6 43. Kf4 h6 44. Ne4+ Nxe4 45. Kxe4 g5 46. b4 a5 47.
bxa5 bxa5 48. Bc6 gxh4 49. gxh4 Bf5+ 50. Kd4 Bc2 51. Be8 Ke7 52. Bb5 Kf6 53. Kc5
h5 54. Kb6 Kf5 55. Kxa5 Kg4 56. Be2+ Kxh4 57. Bxh5 1/2-1/2

[Event "ch-ESP w 2013"]
[Site "Linares ESP"]
[Date "2013.08.24"]
[Round "8.5"]
[White "Redondo Arguelles, Graciela"]
[Black "Aranaz Murillo, Amalia"]
[Result "1/2-1/2"]
[WhiteTitle "WFM"]
[BlackTitle "WIM"]
[WhiteElo "2008"]
[BlackElo "2246"]
[WhiteFideId "2219824"]
[BlackFideId "22200371"]
[EventDate "2013.08.19"]

1. e4 c6 2. d4 d5 3. Nc3 dxe4 4. Nxe4 Nf6 5. Nxf6+ gxf6 6. Nf3 Rg8 7. Qd3 Qa5+
8. Bd2 Qf5 9. Qb3 Qe6+ 10. Qxe6 Bxe6 11. O-O-O Bd5 12. Ne1 e5 13. c4 Be6 14. Be3
Nd7 15. Nf3 Nb6 16. b3 Ba3+ 17. Kb1 Bf5+ 18. Ka1 Bc2 19. Rd2 Be4 20. dxe5 Bb4
21. a3 Bxd2 22. Nxd2 Bf5 23. exf6 Nd7 24. Bd4 O-O-O 25. Nf3 Be4 26. Kb2 Rg6 27.
Kc3 b6 28. h4 c5 29. Be3 h6 30. h5 Rxf6 31. Nh2 Rg8 32. f3 Bc6 33. Ng4 Re6 34.
Bd2 Rh8 35. Bd3 Kb7 36. Bf5 Re2 37. Rg1 Ne5 38. Nf6 a6 39. Ne4 Rd8 40. Kc2 Ka7
41. Kd1 Bxe4 42. Kxe2 Bxf5 43. Bxh6 Rd3 44. Bg7 Nc6 45. g4 Bh7 46. g5 Rd6 47.
Ke3 Re6+ 48. Kf4 Nd4 49. Rd1 Kb7 50. Bxd4 cxd4 51. Rxd4 Kc7 52. Kg4 Re1 53. Rf4
Rg1+ 54. Kh4 Rh1+ 55. Kg4 Rg1+ 56. Kh4 Rh1+ 1/2-1/2